000 00344pab a2200133 454500
008 180718b xxu||||| |||| 00| 0 eng d
100 _aRoy, Shyamal
245 _aAgriculture and health: the policy linkages
650 _a Health Services
650 _a Economic Development
650 _aAgriculture
773 _aEconomic Times
909 _a23324
999 _c23324
_d23324